Lecture Notes in Economics and Mathematical Systems : 1. Fachtagung für Programmiersprachen Müncheen, 9.-11. März 1971

Salvato in:
Dettagli Bibliografici
Natura: Periodico
Lingua:tedesco
Pubblicazione: 1972
Tags: Aggiungi Tag
Nessun Tag, puoi essere il primo ad aggiungerne!!

MARC

LEADER 00000nas a22000003a 4500
001 stu265722
005 20141122040714.2
008 130419s1972------------------------ger-d
040 |a STU  |b slo 
041 0 |a ger 
245 |a Lecture Notes in Economics and Mathematical Systems :  |b 1. Fachtagung für Programmiersprachen Müncheen, 9.-11. März 1971 
260 |c 1972 
773 0 |t Lecture Notes in Economics and Mathematical Systems  |w stu_us_cat*stu232407  |x 0075-8442  |7 nnas 
996 |b I1736  |d Vol. 75 GI Gessellschaft für Informatik e.V. Bericht Nr. 3, 1972  |v Vol. 75 GI Gessellschaft für Informatik e.V. Bericht Nr. 3  |y 1972  |l II680  |s A  |a 24  |w stu265722_0001